Fußballer anhand von ihren Mitspielern erkennen #2 - Statistiken

Allgemein
  • Dieses Quiz wurde 95 mal gespielt
  • Das Durchschnittsergebnis liegt bei 4 aus 10
Antwortstatistiken
Mitspieler Mitspieler Mitspieler Mitspieler Mitspieler Spieler % Korrekt
Lionel Messi Cristiano Ronaldo Kylian Mbappe Dušan Vlahović Andreas Schjelderup Angel di Maria
67%
Maxwell Hernan Crespo Lionel Messi Frederik Ljungberg Paul Pogba Zlatan Ibrahimovic
65%
Lionel Messi Luis Suarez João Paulo Kevin Trapp Presnel Kimpembe Neymar jr
53%
James Maddison Ruud van Nistelrooy Stefan Kießling Mladen Petric Harry Kane Heung Min Son
50%
Mario Gomez Joshua Kimmich Thomas Müller Kevin Kuranyi Manuel Neuer Phillip Lahm
49%
Christoph Kramer Lautaro Martinez Kylian Mbappe Nicolò Barella Breel Embolo Marcus Thuram
39%
Iñigo Martínez Lionel Messi Koke Raphael Varane Fernando Torres Antoine Griezmann
32%
Arturo Vidal Blaise Matuidi Samuel Umtiti Luke Shaw Gianluigi Buffon Paul Pogba
29%
Dominic Calvert-Lewin Fabian Reese Márton Dárdai Callum McGregor Florian Niederlechner Jonjoe Kenny
15%
Lorius Karius Yann Sommer Robert Andrich Ozan Tufan Andre Schürrle Max Kruse
3%
Keine übereinstimmenden Quizze gefunden
Verteilung der Resultate
Anzahl Personen mit jedem Resultat
Perzentil nach korrekt beantworteten Fragen
Ihre Resultats-Entwicklung
Sie haben dieses Quiz noch nicht gespielt